| 000 | 01061nam a22003137a 4500 | ||
|---|---|---|---|
| 003 | CHAP | ||
| 005 | 20220329140227.0 | ||
| 008 | 971013s1976 r 00010 d | ||
| 010 | _a48865 | ||
| 011 | _a49837 | ||
| 035 | _a53987 | ||
| 040 | _cCHAP | ||
| 082 |
_a631.7 _bV45 |
||
| 110 |
_aVenezuela. Dirección General de Recursos Hidráulicos _9118713 |
||
| 245 | _aCuarenta años de la Dirección General de Recursos Hidráulicos, 1936-1976 | ||
| 260 |
_a(Caracaras) : _bLa Dirección, _c(1976) |
||
| 300 |
_a92 p. _b: ilus. |
||
| 590 |
_aBATCH-UPD _b10 _c20130110 _lUCH01 _h0055 |
||
| 590 |
_aBATCH-UPD _b10 _c20130110 _lUCH01 _h2240 |
||
| 590 |
_aBATCH-UPD _b10 _c20130409 _lUCH01 _h2043 |
||
| 590 |
_aBATCH-UPD _b10 _c20130410 _lUCH01 _h1535 |
||
| 590 |
_aBATCH-UPD _b10 _c20130914 _lUCH01 _h1657 |
||
| 590 |
_aCONVERSION _b10 _c20130109 _lUCH01 _h1327 |
||
| 650 | 1 | 4 |
_aIrrigación _xVenezuela. _960495 |
| 650 | 1 | 4 |
_aRecursos hidráulicos _xVenezuela. _995129 |
| 901 | _aBK | ||
| 942 | _cLIBRO | ||
| 949 |
_a631.7 V45 _bBC _cLIBRO _d-119360 _eLIBRO _h42266 _i53987 _mD _si |
||
| 999 |
_c48865 _d48865 |
||